| 000 | 00954cam a22003017a 4500 | ||
|---|---|---|---|
| 001 | 2470 | ||
| 005 | 20240108091620.0 | ||
| 020 | _a006053950X (pbk.) | ||
| 020 | _a9780060539504 | ||
| 040 |
_aBKX _cBKX _dBAKER _dBTCTA _dDLC _beng |
||
| 050 | 0 | 0 | _aPZ7.M462 |
| 082 | _a511 | ||
| 100 | 1 |
_aMayer, Mercer _d1943- |
|
| 245 | 1 | 0 |
_aJust so thankful / _cby Mercer Mayer |
| 250 | _aFirst Edition | ||
| 260 |
_aNew York : _bHarperFestival, _c2006 |
||
| 300 |
_a23 unnumbered pages : _bColor illustrations ; _c21 cm |
||
| 490 | 0 | _aNew adventures of Mercer Mayer's Little Critter | |
| 505 | _aM | ||
| 520 | _aLittle Critter has few material possessions but learns to be thankful for his very loving family. | ||
| 521 |
_a550
_bLexile |
||
| 521 |
_aM
_bRaz-Plus |
||
| 650 | 1 |
_aFamily life _vFiction. |
|
| 650 | 1 |
_aGratitude _vFiction. |
|
| 650 | 1 |
_aAnimals _vFiction. |
|
| 906 |
_a7 _bcbc _ccopycat _d2 _encip _f20 _gy-gencatlg |
||
| 942 |
_2ddc _cBK _n0 |
||
| 999 |
_c2470 _d2470 |
||